Normal view
MARC view
- اعداد شعير، عبد المنعم كامل
Entry Personal Name
001 - CONTROL NUMBER
- control field: 44313
003 - CONTROL NUMBER IDENTIFIER
- control field: JO-AjAnu
005 - DATE AND TIME OF LATEST TRANSACTION
- control field: 20230606081334.0
008 - FIXED-LENGTH DATA ELEMENTS
- fixed length control field: 230606|| aca||aabn | a|a d
040 ## - CATALOGING SOURCE
- Original cataloging agency: JO-AjAnu
- Transcribing agency: JO-AjAnu
100 ## - HEADING--PERSONAL NAME
- Personal name: اعداد شعير، عبد المنعم كامل
670 ## - SOURCE DATA FOUND
- Source citation: Work cat.: (JO-AjAnu)22691: اعداد شعير، عبد المنعم كامل, author, الإعجاز القرآني في الرسم العثماني